Blackstone's international law documents (Record no. 84699)

MARC details
000 -LEADER
fixed length control field 00740nam a2200181 a 4500
008 - FIXED-LENGTH DATA ELEMENTS--GENERAL INFORMATION
fixed length control field 120416s1994 ||||||||||||||||| || u
020 ## - INTERNATIONAL STANDARD BOOK NUMBER
International Standard Book Number 1854313576
050 ## - LIBRARY OF CONGRESS CALL NUMBER
Classification number KJ 25 Bla
245 00 - TITLE STATEMENT
Title Blackstone's international law documents
Statement of responsibility, etc. edited by Malcolm D. Evans
250 ## - EDITION STATEMENT
Edition statement 2nd ed
260 ## - PUBLICATION, DISTRIBUTION, ETC.
Place of publication, distribution, etc. London
Name of publisher, distributor, etc. Blackstones Press
Date of publication, distribution, etc. 1994
300 ## - PHYSICAL DESCRIPTION
Extent vi, 410p.
350 ## -
-- 0.00
650 ## - SUBJECT ADDED ENTRY--TOPICAL TERM
Topical term or geographic name entry element LAW
650 #0 - SUBJECT ADDED ENTRY--TOPICAL TERM
Topical term or geographic name entry element INTERNATIONAL LAW
995 ## -
-- MAIN LIBRARY OPEN ACCESS
-- 0.00
-- 729964
-- CBU-MAIN LIBRARY (Kitwe)
-- 2
-- 12.95
-- KJ 25 Bla
-- 2
-- AVAILABLE
-- 023971
-- Main Library Open Access Collection
995 ## -
-- MAIN LIBRARY OPEN ACCESS
-- 0.00
-- 729947
-- CBU-MAIN LIBRARY (Kitwe)
-- 1
-- 12.95
-- KJ 25 Bla
-- 1
-- AVAILABLE
-- 023812
-- Main Library Open Access Collection
999 ## -
-- 84699
-- 84699

No items available.